Oslobodený predaj obchodného podielu pre právnické osoby

Pri predaji akcií alebo obchodného podielu je potrebné rozlišovať, či akcie alebo obchodný podiel predáva

Salvato in:
Dettagli Bibliografici
Autore principale: Glazelová, Ivana
Natura: Capitolo di libro
Lingua:slovacco
Soggetti:
Tags: Aggiungi Tag
Nessun Tag, puoi essere il primo ad aggiungerne!!

MARC

LEADER 00000naa a2200000 4500
001 0312187
005 20250911114724.2
041 0 |a slo 
044 |a SK 
245 1 0 |a Oslobodený predaj obchodného podielu pre právnické osoby  |c Ivana Glazelová 
520 |a Pri predaji akcií alebo obchodného podielu je potrebné rozlišovať, či akcie alebo obchodný podiel predáva 
610 2 0 |a podiely obchodné 
610 2 0 |a osoby právnické 
610 2 0 |a akcie 
610 2 0 |a predaj 
610 2 0 |a dane 
100 1 |a Glazelová, Ivana